|
|
|
|
| LEADER |
00000cam a2200000 c 4500 |
| 001 |
1621718581 |
| 003 |
DE-627 |
| 005 |
20250625094231.0 |
| 007 |
tu |
| 008 |
020116s1992 xx ||||| 00| ||ger c |
| 020 |
|
|
|a 3929106612
|9 3-929106-61-2
|
| 035 |
|
|
|a (DE-627)1621718581
|
| 035 |
|
|
|a (DE-576)09633097X
|
| 035 |
|
|
|a (DE-599)BSZ09633097X
|
| 035 |
|
|
|a (OCoLC)41921436
|
| 040 |
|
|
|a DE-627
|b ger
|c DE-627
|e rakwb
|
| 041 |
|
|
|a ger
|
| 084 |
|
|
|a 5,2
|2 ssgn
|
| 084 |
|
|
|a CM 2000
|2 rvk
|0 (DE-625)rvk/18942:
|
| 245 |
0 |
0 |
|a Psychologie im Nationalsozialismus
|
| 264 |
|
1 |
|a Frankfurt a.M
|b Verl.Psych. u. Gesellschaftsk
|c 1992
|
| 300 |
|
|
|a 120 S.
|
| 336 |
|
|
|a Text
|b txt
|2 rdacontent
|
| 337 |
|
|
|a ohne Hilfsmittel zu benutzen
|b n
|2 rdamedia
|
| 338 |
|
|
|a Band
|b nc
|2 rdacarrier
|
| 490 |
1 |
|
|a Psychologie & Gesellschaftskritik
|v Jg. 16, H. 1 = Nr. 61
|
| 583 |
1 |
|
|a Archivierung prüfen
|c 20250503
|f DE-640
|z 3
|2 pdager
|
| 830 |
|
0 |
|a Psychologie & Gesellschaftskritik
|v Jg. 16, H. 1 = Nr. 61
|9 16,1
|w (DE-627)129568740
|w (DE-576)015043290
|w (DE-600)224526-7
|x 0170-0537
|7 am
|
| 889 |
|
|
|w (DE-576)45201428X
|
| 889 |
|
|
|w (DE-627)1522014284
|
| 936 |
r |
v |
|a CM 2000
|b Geschichte der Psychologie
|k Psychologie
|k Allgemeines. Geschichte und Methodik
|k Geschichte der Psychologie
|0 (DE-627)1270707531
|0 (DE-625)rvk/18942:
|0 (DE-576)200707531
|
| 951 |
|
|
|a BO
|
| ELC |
|
|
|b 1
|
| LOK |
|
|
|0 000 xxxxxcx a22 zn 4500
|
| LOK |
|
|
|0 001 2873326247
|
| LOK |
|
|
|0 003 DE-627
|
| LOK |
|
|
|0 004 1621718581
|
| LOK |
|
|
|0 005 20241008204314
|
| LOK |
|
|
|0 008 150728||||||||||||||||ger|||||||
|
| LOK |
|
|
|0 035
|a (DE-21-110)kd4377
|
| LOK |
|
|
|0 040
|a DE-21-110
|c DE-627
|d DE-21-110
|
| LOK |
|
|
|0 689
|a s
|a Psychologie
|
| LOK |
|
|
|0 689
|a s
|a Nationalsozialismus
|
| LOK |
|
|
|0 852
|z Kein Bestand am IfK; Nachweis für KrimDok
|
| LOK |
|
|
|0 852
|a DE-21-110
|
| LOK |
|
|
|0 852 1
|m v
|9 00
|
| LOK |
|
|
|0 935
|a k110
|
| LOK |
|
|
|0 938
|k v
|
| LOK |
|
|
|0 939
|a 28-07-15
|b l01
|
| ORI |
|
|
|a SA-MARC-krimdoka001.raw
|